Les pays qui ont du rouge sur leur drapeau (Europe) - Statistiques

Statistiques générales
  • Ce quiz a été pris 64 fois
  • Le résultat moyen est 13 sur 19
Statistiques - réponses
Pays % Correct
EUROPE ROUGE France
97%
EUROPE ROUGE Portugal
90%
EUROPE ROUGE Allemagne
89%
EUROPE ROUGE Espagne
87%
EUROPE ROUGE Royaume-Uni
87%
EUROPE ROUGE Russie
79%
EUROPE ROUGE Suisse
75%
EUROPE ROUGE Italie
72%
EUROPE ROUGE Norvège
67%
EUROPE ROUGE Andorre
64%
EUROPE ROUGE Monaco
64%
EUROPE ROUGE Pologne
62%
EUROPE ROUGE Roumanie
61%
EUROPE ROUGE Slovaquie
61%
EUROPE ROUGE Autriche
59%
EUROPE ROUGE Slovénie
59%
EUROPE ROUGE Serbie
56%
EUROPE ROUGE République Tchèque
54%
EUROPE ROUGE Malte
51%
Aucun quiz correspondant
Distribution des résultats
% des personnes avec chaque résultat
Percentile par nombre de réponses
Votre historique - résultats
Vous n’avez pas pris ce quiz